000 00517nam a2200181Ia 4500
999 _c16442
_d16442
003 OSt
005 20200606115921.0
008 190216s9999||||xx |||||||||||||| ||und||
020 _a8170370817
040 _cMESKC library
082 _a891.43
_bSIN/S
100 _aSingh, Roopa
_9322
245 0 _aIstree Asmita Aur Krishna Sobti /
_cRoopa Singh
260 _bPurvodya Prakashan,
_c2008.
_aNew Delhi:
300 _a195p
650 _aHindi
942 _cBK
_2ddc
_h891.43
_iSIN/S
_k891.43
_mSIN/S